Histoire du droit et des institutions de l'Allemagne / (Record no. 164977)

MARC details
000 -LEADER
campo de control de longitud fija 00923nam a22002295i 4500
001 - NÚMERO DE CONTROL
campo de control 164977
003 - IDENTIFICADOR DE NÚMERO DE CONTROL
campo de control ES-MaACL
005 - FECHA Y HORA DE LA ÚLTIMA TRANSACCIÓN
campo de control 20250808082553.0
008 - DATOS DE LONGITUD FIJA--INFORMACIÓN GENERAL
campo de control de longitud fija 991015s1882 fr |||| | fre d
040 ## - FUENTE DE CATALOGACIÓN
Centro catalogador/agencia de origen M-RAJU
Lengua de catalogación spa
Centro/agencia transcriptor M-RAJU
Centro/agencia modificador CCPB | B
100 1# - ENTRADA PRINCIPAL--NOMBRE DE PERSONA
Nombre de persona Schulte, Fréderic de.
9 (RLIN) 132573
245 10 - MENCIÓN DEL TÍTULO
Título Histoire du droit et des institutions de l'Allemagne /
Mención de responsabilidad, etc. par Frédéric de Schulte ; traduit et annoté sur la cinquième édition par Marcel Fournier ; précédée d'une introduction par Ernest Glasson.
260 ## - PUBLICACIÓN, DISTRIBUCIÓN, ETC.
Lugar de publicación, distribución, etc. Paris :
Nombre del editor, distribuidor, etc. A. Durand et Pedone-Lauriel, editeurs,
Fecha de publicación, distribución, etc. 1882.
300 ## - DESCRIPCIÓN FÍSICA
Extensión XXXII, 614 p. ;
Dimensiones 23 cm.
650 #7 - PUNTO DE ACCESO ADICIONAL DE MATERIA--TÉRMINO DE MATERIA
Término de materia o nombre geográfico como elemento de entrada Derecho-
Subdivisión geográfica Alemania
Fuente del encabezamiento o término
9 (RLIN) 151864
650 #4 - PUNTO DE ACCESO ADICIONAL DE MATERIA--TÉRMINO DE MATERIA
Término de materia o nombre geográfico como elemento de entrada Instituciones políticas-
Subdivisión geográfica Alemania-
Subdivisión de forma Historia.
9 (RLIN) 151865
700 0# - ENTRADA AGREGADA--NOMBRE PERSONAL
Nombre de persona Fournier, Marcel.
9 (RLIN) 51985
700 1# - ENTRADA AGREGADA--NOMBRE PERSONAL
Nombre de persona Glasson, Ernest-Désiré.
9 (RLIN) 57412
852 ## - LOCALIZACIÓN
Ubicación ES-MaACL
Número de control de estantería F-12299
Nota libre -- Enc. pasta
Holdings
Estatus retirado Estado de pérdida Estado de daño No para préstamo Colección Biblioteca de origen Biblioteca actual Ubicación en estantería Fecha de adquisición Fuente de adquisición Total de préstamos Signatura topográfica completa Código de barras Visto por última vez Precio de reemplazo Tipo de ítem Koha
        Libros del s. XIX Biblioteca del Ateneo de Madrid Biblioteca del Ateneo de Madrid Sala Pecera Planta 2 17/01/2008     F-12299 1172944 23/02/2023 23/02/2023 Libro impreso antiguo